000 00576cam a22002051 4500
001 ne 63000632
003 DLC
005 20260227111743.0
008 890523s1961 le 000 1 ararc
010 _ane 63000632
025 _aPL480:UAR-1824
035 _a(OCoLC)19752837
040 _aPrinceton Univ. Libr. for LC
_cWaU
_dWaU
_dDLC
042 _apremarc
050 0 0 _aPJ7840.I4
_bZ3
100 1 _aJindī, Inʻām.
245 1 0 _aZaman al-ruʻb,
_briwāyah.
_c[Taʼlīf] Inʻām al-Jindī.
260 _aBayrūt,
_bDār al-Ṭalīʻah
_c[1961]
300 _a228 p.
_c20 cm.
999 _c45718
_d45718